Statistiques concernant Hors série n°1 Marvin

Cliquez ici pour prendre le quiz!

Statistiques générales

  • Ce quiz a été pris 22 fois
    (5 depuis la dernière actualisation)
  • Le résultat moyen est 7 sur 20

Statistiques - réponses

QuestionReponse% Correct
De quel couleur était le père noël avant d'être rouge ?Vert
100%
Qui est l'inventeur du téléphone ?Graham bell
80%
Par quel animal est représenté Pâques ?Lapin
80%
Quel est la capitale de la Slovénie ?Ljubljana
80%
Quels sont les deux pays d'Amérique du sud ayant un soleil sur leurs drapeau (mettre & entre les deux)Uruguay & Argentine
80%
Quel rue américaine est reconnu comme le fief de la bourse américaineWall street
80%
Quel est le nom de l'acteur chauve qui joue dans PattayaFranck gastambide
60%
Qui était le ballon d'or 2007Kaka
60%
Qui a chanté les géants de papierJean Jacques Lafon
40%
Quel était le prénom de Josianne Balasko dans les bronzésNathalie
20%
Quel est la phrase symbolique du club de Liverpool ? En anglaisNever walk alone
20%
Dans quel sport Laurent Tillie s'illustre-t-il ?Volley ball
20%
Quel était le seul gardien de but de l'équipe de France de foot champion olympiqueAlbert Rust
0%
Donner le nom du bombardier ayant lâché la bombe atomique sur HiroshimaEnola gay
0%
Comment s'appelle la pâtisserie traditionnelle VendéenneFion
0%
Quel était l'animateur animalier de l'émission 40 degrés à l'ombreJacques gourier
0%
Quel coureur cycliste a perdu le tour de France pour 2s au contre la montre de la dernière étapeLaurent fignon
0%
Sur quel chemin a eu lui la bataille de la marne durant la guerre 14-18Le chemin des dames
0%
Quelle était la partenaire d'Yves mourousieMarie Laure augry
0%
Comment appelle-t-on une personne callé sur une matière ?Un érudit
0%

Distribution des résultats

Percentile par nombre de réponses

% des personnes avec chaque résultat

Votre développement - résultats

Vous n’avez pas pris ce quiz depuis la dernière actualisation